|
|
|
|
| LEADER |
00000nam0a2200000 4500 |
| 001 |
123135 |
| 005 |
20231031130402.0 |
| 035 |
|
|
|a (RuTPU)RU\TPU\book\133305
|
| 090 |
|
|
|a 123135
|
| 100 |
|
|
|a 20071012d2006 k y0rusy50 ca
|
| 101 |
0 |
|
|a rus
|
| 102 |
|
|
|a RU
|
| 105 |
|
|
|a a b 000zy
|
| 200 |
1 |
|
|a Промышленные серии электроприводов постоянного и переменного токов зарубежных и отечественных компаний
|e каталог
|f ВНИИТЭМР; сост. Я. Б. Розман
|
| 210 |
|
|
|a Москва
|c Каталог
|d 2006
|
| 215 |
|
|
|a 208 с.
|c ил.
|
| 610 |
1 |
|
|a электроприводы постоянного тока
|
| 610 |
1 |
|
|a электроприводы переменного тока
|
| 610 |
1 |
|
|a промышленные серии
|
| 610 |
1 |
|
|a технические характеристики
|
| 610 |
1 |
|
|a параметры
|
| 610 |
1 |
|
|a эксплуатация
|
| 610 |
1 |
|
|a применение
|
| 610 |
1 |
|
|a электрические схемы
|
| 610 |
1 |
|
|a функциональные схемы
|
| 610 |
1 |
|
|a чертежи
|
| 610 |
1 |
|
|a изготовители
|
| 610 |
1 |
|
|a зарубежные компании
|
| 610 |
1 |
|
|a отечественные компании
|
| 610 |
1 |
|
|a каталоги
|
| 675 |
|
|
|a 62-83(085)
|v 3
|
| 702 |
|
1 |
|a Розман
|b Я. Б.
|4 220
|
| 712 |
0 |
2 |
|a Всероссийский научно-исследовательский институт информации и технико-экономических исследований по машиностроению и робототехнике (ВНИИТЭМР)
|2 stltpush
|3 (RuTPU)RU\TPU\col\5880
|
| 801 |
|
1 |
|a RU
|b 63413507
|c 20071012
|g PSBO
|
| 801 |
|
2 |
|a RU
|b 63413507
|c 20071029
|g PSBO
|
| 942 |
|
|
|c BK
|